000 00606nam a22002177a 4500
003 OSt
005 20220107122754.0
008 140621b xxu||||| |||| 00| 0 eng d
020 _a978131764435
040 _cIIITM-K
082 _a658.472 TUR/B
100 _aTurban, Efraim
_95713
245 _aBusiness intelligence:
_bA managerial approach
_cby Efraim Turban et.al
250 _a2nd ed.
260 _aNew Delhi,
_bDorling Kindersley,
_c2011.
300 _axx, 292p.
650 _aMANAGEMENT
_95714
650 _aBUSINESS MANAGEMENT
_95715
650 _aBUSINESS INTELLIGENCE
_95716
942 _2ddc
_cBK
999 _c4439
_d4439